[Event "English Schools Championship Final 2024"]
[Site "Nottingham University Kings Meadow Campus, United Kingdom"]
[Date "2024.06.28"]
[Round "5.71"]
[White "Phillips, James"]
[Black "Hill, Zac"]
[Result "0-1"]
[TimeControl "G50' + 10\" per move."]
[WhiteElo "1449"]
[BlackElo "1715"]

1. c4 {[%clk 00:50:11]} {[%emt 00:00:07]} e5 {[%clk 00:50:08]} {[%emt
00:00:10]} 2. Nc3 {[%clk 00:50:12]} {[%emt 00:00:12]} Nf6 {[%clk 00:49:57]}
{[%emt 00:00:19]} 3. g3 {[%clk 00:49:53]} {[%emt 00:00:29]} Bc5 {[%clk
00:49:43]} {[%emt 00:00:23]} 4. Bg2 {[%clk 00:49:31]} {[%emt 00:00:31]} a6
{[%clk 00:49:14]} {[%emt 00:00:41]} 5. e3 {[%clk 00:49:04]} {[%emt 00:00:37]}
d6 {[%clk 00:48:53]} {[%emt 00:00:31]} 6. h3 {[%clk 00:47:42]} {[%emt
00:01:32]} Nc6 {[%emt 00:00:20]} 7. Nge2 {[%clk 00:47:34]} {[%emt 00:00:16]}
Bd7 {[%clk 00:48:34]} {[%emt 00:00:21]} 8. O-O {[%clk 00:47:11]} {[%emt
00:00:34]} Qe7 {[%clk 00:48:24]} {[%emt 00:00:19]} 9. d4 {[%clk 00:46:33]}
{[%emt 00:00:49]} Ba7 {[%clk 00:45:54]} {[%emt 00:02:26]} 10. b3 {[%clk
00:43:09]} {[%emt 00:03:47]} Rd8 {[%clk 00:44:03]} {[%emt 00:02:01]} 11. d5
{[%clk 00:41:59]} {[%emt 00:01:21]} Nb8 {[%clk 00:43:32]} {[%emt 00:00:39]} 12.
Qc2 {[%clk 00:38:56]} {[%emt 00:03:14]} h5 {[%clk 00:42:55]} {[%emt 00:00:48]}
13. h4 {[%clk 00:35:25]} {[%emt 00:03:41]} Ng4 {[%clk 00:41:54]} {[%emt
00:01:11]} 14. Ne4 {[%clk 00:33:21]} {[%emt 00:02:12]} Bf5 {[%clk 00:41:26]}
{[%emt 00:00:39]} 15. Qd2 {[%clk 00:32:01]} {[%emt 00:01:26]} Bxe4 {[%clk
00:39:23]} {[%emt 00:01:58]} 16. Bxe4 {[%clk 00:32:00]} {[%emt 00:00:30]} g5
{[%clk 00:39:19]} {[%emt 00:00:15]} 17. Kg2 {[%clk 00:28:27]} {[%emt 00:03:43]}
gxh4 {[%clk 00:38:57]} {[%emt 00:00:29]} 18. Rh1 {[%clk 00:27:17]} {[%emt
00:01:18]} hxg3 {[%clk 00:38:33]} {[%emt 00:00:23]} 19. Nxg3 {[%clk 00:26:39]}
{[%emt 00:01:04]} h4 {[%clk 00:37:45]} {[%emt 00:00:56]} 20. Kf1 {[%clk
00:25:20]} {[%emt 00:01:29]} Qf6 {[%clk 00:37:18]} {[%emt 00:00:37]} 21. Nf5
{[%clk 00:24:44]} {[%emt 00:00:48]} Kd7 {[%clk 00:36:24]} {[%emt 00:01:03]} 22.
Qe2 {[%clk 00:22:57]} {[%emt 00:01:56]} Rdg8 {[%clk 00:35:44]} {[%emt
00:00:41]} 23. f3 {[%clk 00:21:02]} {[%emt 00:02:16]} Nxe3+ {[%clk 00:33:17]}
{[%emt 00:01:57]} 24. Bxe3 {[%clk 00:20:57]} {[%emt 00:00:54]} Bxe3 {[%clk
00:33:05]} {[%emt 00:00:22]} 25. Qxe3 {[%clk 00:20:30]} {[%emt 00:00:37]} Qg5
{[%clk 00:32:51]} {[%emt 00:00:23]} 26. Qxg5 {[%clk 00:19:44]} {[%emt
00:00:58]} Rxg5 {[%clk 00:32:46]} {[%emt 00:00:07]} 27. Rxh4 {[%emt 00:00:36]}
Rxh4 {[%clk 00:32:09]} {[%emt 00:00:44]} 28. Nxh4 {[%clk 00:19:21]} {[%emt
00:00:17]} Rh5 {[%clk 00:32:07]} {[%emt 00:00:10]} 29. Ke2 {[%clk 00:15:38]}
{[%emt 00:03:55]} Rxh4 {[%clk 00:31:43]} {[%emt 00:00:11]} 30. Rf1 {[%clk
00:15:34]} {[%emt 00:00:37]} Ke7 {[%clk 00:31:15]} {[%emt 00:00:36]} 31. Ke3
{[%clk 00:14:27]} {[%emt 00:01:19]} Nd7 {[%clk 00:30:27]} {[%emt 00:00:58]} 32.
a3 {[%clk 00:13:12]} {[%emt 00:01:25]} Nc5 {[%clk 00:30:26]} {[%emt 00:00:12]}
33. b4 {[%clk 00:12:47]} {[%emt 00:00:34]} Na4 {[%clk 00:30:01]} {[%emt
00:00:34]} 34. Kd3 {[%clk 00:11:45]} {[%emt 00:01:11]} Nb6 {[%clk 00:28:48]}
{[%emt 00:01:25]} 35. c5 {[%clk 00:10:00]} {[%emt 00:01:56]} Nd7 {[%clk
00:28:44]} {[%emt 00:00:11]} 36. c6 {[%clk 00:09:14]} {[%emt 00:00:59]} bxc6
{[%clk 00:28:22]} {[%emt 00:00:32]} 37. dxc6 {[%clk 00:09:12]} {[%emt
00:00:12]} Nf6 {[%clk 00:28:13]} {[%emt 00:00:17]} 38. Re1 {[%clk 00:08:43]}
{[%emt 00:00:40]} d5 {[%clk 00:27:18]} {[%emt 00:01:02]} 39. Bf5 {[%clk
00:07:23]} {[%emt 00:01:33]} Kd6 {[%clk 00:27:00]} {[%emt 00:00:29]} 40. Bd7
{[%clk 00:06:25]} {[%emt 00:01:07]} Nxd7 {[%clk 00:26:53]} {[%emt 00:00:17]} 41.
cxd7 {[%clk 00:06:23]} {[%emt 00:00:13]} Rh8 {[%clk 00:26:44]} {[%emt
00:00:14]} 42. f4 {[%clk 00:04:41]} {[%emt 00:01:57]} e4+ {[%clk 00:26:28]}
{[%emt 00:00:26]} 43. Kd4 {[%clk 00:04:18]} {[%emt 00:00:33]} Rd8 {[%clk
00:26:17]} {[%emt 00:00:21]} 44. Rh1 {[%clk 00:04:03]} {[%emt 00:00:25]} Rxd7
{[%clk 00:25:53]} {[%emt 00:00:30]} 45. Rh6+ {[%clk 00:03:49]} {[%emt
00:00:26]} Ke7 {[%clk 00:25:37]} {[%emt 00:00:26]} 46. Rh5 {[%clk 00:03:47]}
{[%emt 00:00:12]} c6 {[%clk 00:25:21]} {[%emt 00:00:27]} 47. Re5+ {[%clk
00:02:35]} {[%emt 00:01:20]} Kd6 {[%clk 00:24:40]} {[%emt 00:00:52]} 48. f5
{[%clk 00:01:17]} {[%emt 00:01:31]} Re7 {[%clk 00:24:23]} {[%emt 00:00:24]} 49.
Rxe7 {[%clk 00:01:12]} {[%emt 00:00:17]} Kxe7 {[%clk 00:24:30]} {[%emt
00:00:03]} 50. a4 {[%clk 00:01:12]} {[%emt 00:00:10]} Kd6 {[%clk 00:24:08]}
{[%emt 00:00:41]} 51. b5 {[%clk 00:00:59]} {[%emt 00:00:33]} cxb5 {[%clk
00:23:58]} {[%emt 00:00:20]} 52. axb5 {[%clk 00:00:20]} {[%emt 00:00:50]} axb5
{[%clk 00:24:01]} {[%emt 00:00:07]} 53. Ke3 {[%clk 00:00:15]} {[%emt 00:00:15]}
Ke5 {[%clk 00:24:01]} {[%emt 00:00:10]} 54. f6 {[%clk 00:00:13]} {[%emt
00:00:12]} d4+ {[%clk 00:23:54]} {[%emt 00:00:15]} 55. Ke2 {[%clk 00:00:13]}
{[%emt 00:00:12]} Kxf6 {[%clk 00:23:45]} {[%emt 00:00:19]} 56. Kd2 {[%clk
00:00:13]} {[%emt 00:00:10]} Ke5 {[%clk 00:23:41]} {[%emt 00:00:14]} 57. Ke2
{[%clk 00:00:22]} {[%emt 00:00:02]} d3+ {[%clk 00:23:27]} {[%emt 00:00:23]} 58.
Kd2 {[%clk 00:00:16]} {[%emt 00:00:15]} Kd4 {[%clk 00:23:03]} {[%emt 00:00:33]}
59. Kc1 {[%clk 00:00:12]} {[%emt 00:00:15]} e3 {[%clk 00:22:34]} {[%emt
00:00:39]} 60. Kd1 {[%clk 00:00:11]} {[%emt 00:00:12]} b4 {[%clk 00:22:41]}
{[%emt 00:00:02]} 61. Kc1 {[%clk 00:00:14]} {[%emt 00:00:08]} e2 {[%clk
00:22:13]} {[%emt 00:00:34]} 62. Kd2 {[%clk 00:00:12]} {[%emt 00:00:16]} b3
{[%clk 00:21:59]} {[%emt 00:00:09]} 63. Ke1 {[%clk 00:00:18]} {[%emt 00:00:19]}
b2 {[%clk 00:21:31]} {[%emt 00:00:29]} 64. Kd2 {[%clk 00:00:24]} {[%emt
00:00:13]} e1=Q+ {[%clk 00:21:13]} {[%emt 00:00:19]} 65. Kxe1 {[%clk 00:00:17]}
{[%emt 00:00:25]} b1=Q+ {[%clk 00:21:12]} {[%emt 00:00:12]} 66. Kf2 {[%clk
00:00:12]} {[%emt 00:00:16]} d2 {[%clk 00:21:04]} {[%emt 00:00:16]} 0-1

[Event "English Schools Championship Final 2024"]
[Site "Nottingham University Kings Meadow Campus, United Kingdom"]
[Date "2024.06.28"]
[Round "5.72"]
[White "Wilson, Noah"]
[Black "Reid, James"]
[Result "0-1"]
[TimeControl "G50' + 10\" per move."]
[WhiteElo "1359"]
[BlackElo "1356"]

1. e4 {[%clk 00:50:18]} {[%emt 00:00:02]} c5 {[%clk 00:50:17]} {[%emt
00:00:03]} 2. Nf3 {[%clk 00:50:22]} {[%emt 00:00:05]} d6 {[%clk 00:50:21]}
{[%emt 00:00:07]} 3. d4 {[%clk 00:50:26]} {[%emt 00:00:06]} cxd4 {[%clk
00:50:25]} {[%emt 00:00:05]} 4. Nxd4 {[%emt 00:00:26]} Nf6 {[%emt 00:00:08]} 5.
Nc3 {[%clk 00:49:34]} {[%emt 00:00:28]} g6 {[%clk 00:50:07]} {[%emt 00:00:29]}
6. Bg5 {[%clk 00:49:27]} {[%emt 00:00:17]} h6 {[%clk 00:47:59]} {[%emt
00:02:18]} 7. Bh4 {[%clk 00:48:28]} {[%emt 00:01:09]} a6 {[%clk 00:47:46]}
{[%emt 00:00:23]} 8. Qd2 {[%clk 00:47:45]} {[%emt 00:00:53]} g5 {[%clk
00:43:25]} {[%emt 00:04:31]} 9. Bg3 {[%clk 00:47:32]} {[%emt 00:00:23]} e5
{[%clk 00:42:45]} {[%emt 00:00:50]} 10. Nb3 {[%clk 00:45:39]} {[%emt 00:02:03]}
b5 {[%clk 00:41:13]} {[%emt 00:01:43]} 11. O-O-O {[%clk 00:44:36]} {[%emt
00:01:06]} Nc6 {[%clk 00:37:23]} {[%emt 00:04:06]} 12. f3 {[%clk 00:42:57]}
{[%emt 00:01:49]} Be6 {[%clk 00:35:42]} {[%emt 00:01:50]} 13. Nd5 {[%clk
00:42:13]} {[%emt 00:00:54]} Bxd5 {[%clk 00:32:02]} {[%emt 00:03:51]} 14. exd5
{[%emt 00:00:35]} Ne7 {[%emt 00:00:18]} 15. h4 {[%clk 00:39:09]} {[%emt
00:02:22]} Nf5 {[%clk 00:27:53]} {[%emt 00:04:19]} 16. Bf2 {[%clk 00:37:07]}
{[%emt 00:02:11]} g4 {[%clk 00:22:33]} {[%emt 00:05:30]} 17. Be2 {[%clk
00:34:01]} {[%emt 00:03:15]} g3 {[%clk 00:19:38]} {[%emt 00:03:06]} 18. Bg1
{[%clk 00:33:59]} {[%emt 00:00:12]} h5 {[%clk 00:16:53]} {[%emt 00:02:56]} 19.
Qg5 {[%clk 00:32:09]} {[%emt 00:01:58]} Bh6 {[%clk 00:16:25]} {[%emt 00:00:39]}
20. Qxh6 {[%clk 00:31:11]} {[%emt 00:00:43]} Rxh6 {[%clk 00:16:34]} 21. Na5
{[%clk 00:31:03]} {[%emt 00:00:43]} Qxa5 {[%clk 00:16:17]} {[%emt 00:00:28]}
0-1